[Event "Turkish Championship 2020"]
[Site "Kemer-Antalya"]
[Date "2020.11.14"]
[Round "2.5"]
[White "Sanal, Vahap"]
[Black "Yurtseven, Melih"]
[Result "1-0"]
[WhiteElo "2557"]
[BlackElo "2391"]
[Annotator "TA"]
[PlyCount "59"]
[EventDate "2020.11.13"]
[EventType "tourn"]
[EventCountry "TUR"]
[SourceTitle "playchess.com"]
[Source "ChessBase"]
[SourceQuality "1"]

{[%evp 9,59,0,57,60,65,35,31,17,90,94,93,92,110,68,145,128,134,125,138,110,110,125,130,135,112,70,85,65,126,128,121,110,117,92,94,88,83,61,93,94,101,90,436,469,465,467,561,558,550,540,549,554]} 1. e4 e6 2. d4 d5 3. Nd2 e5 4. Ngf3 exd4 {[#]} 5. Bd3 $146 ({Predecessor:} 5. exd5 Nf6 6. Bb5+ c6 7. dxc6 bxc6 8. Bd3 Be7 9. O-O O-O 10. Nb3 c5 11. Bg5 {0-1 (32) Fedorchuk,S (2640)-Sochacki,C (2471) Paris 2017}) 5... dxe4 (5... c5 $11) 6. Nxe4 $14 {C03: French Tarrasch: Unusual Black 3rd moves.} Be7 7. Qe2 Nc6 8. Bb5 {White is slightly better.} a6 (8... Bg4 $11 {keeps the balance.}) 9. Bxc6+ $16 bxc6 10. O-O Qd5 11. Bf4 c5 {[#]} ({Black should play} 11... Bf5 $14 12. Rfe1 c5) 12. c4 $1 {[%cal Rc4d5]} ({Resist} 12. Bxc7 $6 Be6 $14) 12... Qh5 13. Bxc7 {Black must now prevent Nd6+.} Bg4 14. Rfe1 {And now Nd6+ would win.} Bxf3 15. gxf3 ({Much worse is} 15. Qxf3 Qxf3 16. gxf3 Kd7 $15) 15... Kf8 {[#]} 16. b4 $1 Qg6+ 17. Kh1 Qc6 18. Bg3 Nf6 (18... cxb4 $14 19. Rad1 Rd8) 19. Nxc5 Bxc5 20. bxc5 Qxc5 21. Qb2 h5 22. Qb7 $40 {[%mdl 128] White wants a kill.} Qc8 23. Rab1 {Strongly threatening Re7.} d3 24. Red1 Kg8 25. c5 {Threatens to win with c6.} Qd8 $2 {[%mdl 8192] Loses the game.} (25... Kh7 $16 {is more resistant.}) 26. c6 $18 {White is clearly winning.} Kh7 27. Qxf7 Qd4 28. Rb7 {[%csl Gb7][%cal Rf7g7]} Rhg8 29. Qb3 Rae8 30. Qxd3+ {Weighted Error Value: White=0.09/Black=0.47} 1-0

[Event "Turkish Championship 2020"]
[Site "Kemer-Antalya"]
[Date "2020.11.15"]
[Round "3.1"]
[White "Yurtseven, Melih"]
[Black "Atalik, Ekaterina"]
[Result "1-0"]
[WhiteElo "2391"]
[BlackElo "2450"]
[Annotator "TA"]
[PlyCount "91"]
[EventDate "2020.11.13"]
[EventType "tourn"]
[EventCountry "TUR"]
[SourceTitle "playchess.com"]
[Source "ChessBase"]
[SourceQuality "1"]

{[%evp 21,91,16,14,8,5,4,-8,-31,30,28,34,37,45,35,35,42,43,24,23,14,113,122,403,136,411,462,426,439,464,465,461,454,373,387,378,374,398,337,332,319,331,317,309,0,454,439,437,436,400,367,360,360,358,351,320,131,29992,29993,29993,29994,29994,29995,29995,29996,29996,29996,29996,29997,29997,29998,29998,29999]} 1. d4 Nf6 2. c4 g6 3. Nc3 d5 4. Nf3 Bg7 5. Qb3 dxc4 6. Qxc4 O-O 7. e4 a6 8. e5 b5 9. Qb3 Nfd7 10. e6 fxe6 11. Be3 Nf6 12. Be2 {D97: Grünfeld: Russian System: 7 e4, replies other than 7...Bg4.} Nc6 13. O-O Qd6 14. Rad1 {[#] The position is equal.} Na5 $146 (14... Ng4 $1 $15 15. Ne4 Qd5) ({Predecessor:} 14... Ng4 15. Ne4 Qd5 16. Nfd2 Nh6 17. Nc3 Qxb3 18. Nxb3 Rb8 19. Bf3 Nd8 20. Bxh6 Bxh6 21. Rfe1 Rb6 22. Ne4 Bg7 23. Nec5 {½-½ (23) Elyoseph,H (2419)-Johansson,K (2451) ICCF email 2018}) 15. Qc2 $1 $11 Bb7 16. Ng5 {[%mdl 1024] White has compensation.} Nc4 17. Bc1 Nb6 18. Rfe1 b4 19. Nce4 Nxe4 20. Nxe4 Qd5 (20... Bxe4 $11 {remains equal.} 21. Qxe4 Rad8) 21. Qxc7 $16 Rxf2 $2 {[%mdl 8192]} (21... Qc6 $16 22. Qxc6 Bxc6) 22. Kxf2 $2 (22. Bg4 $1 $18 {is the precise move to win.}) 22... Bxd4+ $2 {[%mdl 8192]} (22... Qxe4 $16 23. Bf3 {[%mdl 64] Pin} Qh4+ 24. Qg3 Qxg3+ 25. hxg3 (25. Kxg3 Bxf3 26. Kxf3 Rf8+ 27. Ke4 Rf5 $16) 25... Bxf3 26. gxf3 Kf7) 23. Kf1 $1 $18 {Rxd4! is the strong threat.} Rf8+ (23... Qxe4 24. Bf3 $18) 24. Bf3 Qb5+ 25. Re2 Nd5 26. Qc2 Rc8 27. Qxc8+ Bxc8 28. Rxd4 a5 29. Rd1 Ba6 30. Kf2 Qb6+ 31. Be3 Qc7 32. Red2 $2 (32. Ree1 $1 $18) 32... Qxh2 $2 {[%mdl 8192]} (32... Nxe3 $11 33. Kxe3 Qb6+ 34. Kf4 Qc7+ 35. Kg4 Qxh2) 33. Rxd5 exd5 34. Ng3 $1 Qh4 35. Bxd5+ Kg7 36. Rd4 Qf6+ {[#]} 37. Rf4 $1 Qxb2+ {[#]} 38. Kf3 (38. Kg1 $1 $18 {and the rest is easy.} Qb1+ 39. Kh2) 38... e5 $2 {[%mdl 8192]} (38... Qc2 $16 39. Rf7+ {[%mdl 64] Double Attack} Kg8 40. Rf6+ (40. Rxe7+ Kf8 $16) 40... Kg7 41. Rf7+ (41. Rxa6 Qd1+ 42. Ke4 Qe1 $16) 41... Kg8 42. Rf6+ (42. Rxe7+ Kf8 $16) 42... Kg7 43. Rxa6 Qd1+ 44. Ke4 Qe1) 39. Rf7+ {White mates.} Kh8 40. Rf8+ Kg7 41. Rg8+ Kf6 42. Ne4+ Ke7 43. Bc5+ Kd7 44. Rg7+ {[%mdl 64] Double Attack} Kd8 45. Bb6+ {[%mdl 64] Double Attack} Ke8 46. Nf6+ {[%mdl 64] Double Attack.  Weighted Error Value: White=0.35/Black=0.56} 1-0

[Event "Turkish Championship 2020"]
[Site "Kemer-Antalya"]
[Date "2020.11.15"]
[Round "3.2"]
[White "Haznedaroglu, Kivanc"]
[Black "Sanal, Vahap"]
[Result "0-1"]
[WhiteElo "2437"]
[BlackElo "2557"]
[Annotator "TA"]
[PlyCount "90"]
[EventDate "2020.11.13"]
[EventType "tourn"]
[EventCountry "TUR"]
[SourceTitle "playchess.com"]
[Source "ChessBase"]
[SourceQuality "1"]

{[%evp 12,90,38,18,47,21,30,12,18,14,36,33,31,8,38,22,63,65,83,81,90,83,89,64,120,119,131,126,130,97,249,232,215,118,107,106,118,134,152,151,156,124,105,65,90,53,53,62,37,24,17,15,18,0,0,-159,-168,-158,-167,-156,-153,-141,-121,-113,-110,-168,-168,-199,-197,-370,-295,-647,-647,-647,-645,-646,-639,-726,-630,-620,-618]} 1. d4 Nf6 2. Nf3 g6 3. g3 Bg7 4. Bg2 O-O 5. O-O d6 6. c4 c6 7. b3 Qc7 {E60: King's Indian: Unusual lines and Fianchetto Variation without Nc3.} 8. Bb2 Re8 9. Nbd2 e5 {The position is equal.} 10. e4 {[#]} Na6 $146 ({Predecessor:} 10... Bg4 11. Qc2 Bxf3 12. Nxf3 Nbd7 13. Rad1 Rac8 14. Rfe1 Nf8 15. Re2 N6d7 16. Bh3 Ne6 {½-½ (67) De Lussac,R (2149)-Lary,D (1788) Avoine 2017}) 11. Qc2 Nd7 12. Rad1 Nf8 13. Qb1 c5 {[%cal Rc5d4]} 14. d5 $1 Bg4 15. h3 Bxf3 16. Nxf3 Qe7 17. Ne1 b5 (17... Rab8 $14) 18. cxb5 $16 Nc7 19. a4 Reb8 20. b4 a6 $2 (20... cxb4 $16 {was called for.} 21. Rc1 a6) 21. bxc5 $18 axb5 22. cxd6 ({Better is} 22. axb5 $18 Rxb5 23. cxd6 Qxd6 24. Nd3) 22... Qxd6 $16 23. a5 b4 24. Rc1 Nb5 25. Rc6 Qe7 26. Nd3 {aiming for a6.} Rxa5 27. Qc2 Raa8 28. Qb3 Nd4 29. Bxd4 exd4 30. e5 Ra3 31. Qd1 b3 {And now ...b2 would win.} 32. d6 Qe6 {[#] Threatens to win with ...b2.} 33. Re1 $2 ({White should try} 33. Rc7 $11) 33... b2 $17 34. Nxb2 Rxb2 35. Qxd4 Rb5 {[%cal Rb5e5]} 36. Rc5 Rxc5 37. Qxc5 Rd3 38. Be4 (38. Qb4 $17 {is a better defense.}) 38... Rd2 $19 39. Qa5 Ra2 40. Qb4 $2 (40. Qd5 {was worth a try.}) 40... Qxe5 41. Bxg6 $2 {[#]} (41. Bd3 Qd4 42. Qxd4 Bxd4 43. Re2 Rxe2 44. Bxe2) 41... Qf6 $1 {[%mdl 64] Double Attack. Black is clearly winning.} 42. Bxf7+ Qxf7 43. Qc5 Rd2 44. Re7 Rd1+ 45. Kg2 Qd5+ {What a bad dream for White.  Weighted Error Value: White=0.38/Black=0.22} 0-1

[Event "Turkish Championship 2020"]
[Site "Kemer-Antalya"]
[Date "2020.11.15"]
[Round "3.3"]
[White "Eren, Ataberk"]
[Black "Ozen, Deniz"]
[Result "1-0"]
[WhiteElo "2321"]
[BlackElo "2412"]
[Annotator "TA"]
[PlyCount "83"]
[EventDate "2020.11.13"]
[EventType "tourn"]
[EventCountry "TUR"]
[SourceTitle "playchess.com"]
[Source "ChessBase"]
[SourceQuality "1"]

{[%evp 16,83,3,8,9,-15,-6,-14,7,-20,0,-3,14,0,0,0,17,0,14,10,4,2,79,71,65,27,36,12,40,40,45,0,76,64,64,65,124,129,231,245,244,185,227,228,249,155,305,302,304,295,482,473,504,490,804,792,1142,1053,2148,1613,1646,2322,2258,2288,2042,2198,2229,2051,2051,2055]} 1. d4 Nf6 2. c4 c6 3. Nc3 d5 4. Nf3 dxc4 5. a4 Bf5 6. Nh4 Bc8 7. Nf3 Bf5 {7...e6 is the recent fashion.} 8. Nh4 Bc8 9. e3 Bg4 {D17: Slav Defence: 5 a4 Bf5: Lines with 6 Nh4 and 6 Ne5.} 10. Qc2 e6 11. Bxc4 Nbd7 {The position is equal.} 12. Qb3 Nd5 13. Nf3 Qb6 {[#]} (13... a5 {feels hotter.} 14. Be2 Qb6 15. Qc4 Bd6 16. O-O O-O) 14. a5 $146 ({Predecessor:} 14. Qc2 Nb4 15. Qe2 Be7 16. a5 Qc7 17. O-O O-O 18. h3 Bh5 19. g4 Bg6 20. e4 b5 21. axb6 axb6 22. Be3 c5 23. Rxa8 Rxa8 {1-0 (40) Ikonnikov,V (2518)-Bildt,T (2000) Fuerth 2015}) 14... Qxb3 15. Bxb3 a6 16. h3 Bh5 17. O-O Be7 18. e4 N5f6 (18... Bxf3 $11 {remains equal.} 19. Nxd5 (19. gxf3 Nb4 $11) 19... exd5 20. gxf3 Nf6) 19. g4 Bg6 20. Re1 Bb4 21. Bc2 c5 22. d5 $36 {[%mdl 2048] White fights for an advantage.} O-O-O 23. d6 c4 (23... h5 $11 {keeps the balance.}) 24. Bf4 $16 {Black must now prevent Ra4.} Nc5 25. Ne5 Bxc3 {White leaves nothing to chance now.} (25... Nfd7 $1 $14) 26. bxc3 Nd3 (26... Nfd7 $16 {keeps fighting.}) 27. Bxd3 $18 cxd3 28. f3 ({Resist} 28. Nxd3 $6 Bxe4 29. Ne5 Bg6) 28... Nd7 {intending ...Nxe5.} 29. Nxd3 f6 30. Nb4 Ne5 (30... Nb8 $16 31. Red1 h5) 31. Bxe5 fxe5 32. Red1 Kd7 $2 {[#]} (32... h5 33. Nd3 Rxd6) 33. c4 {[%cal Bc3c4,Bc4c5][%mdl 32] White is clearly winning.} Rc8 34. Rac1 h5 (34... Rhf8 $142 35. Kg2 Be8) 35. c5 hxg4 36. hxg4 Bxe4 37. fxe4 Rh4 38. Nd3 Rxg4+ 39. Kf2 Rf8+ 40. Ke3 Rg3+ 41. Kd2 Rg2+ 42. Kc3 {Weighted Error Value: White=0.14/Black=0.44} 1-0

[Event "Turkish Championship 2020"]
[Site "Kemer-Antalya"]
[Date "2020.11.15"]
[Round "3.4"]
[White "Gokerkan, Cem Kaan"]
[Black "Firat, Burak"]
[Result "0-1"]
[WhiteElo "2461"]
[BlackElo "2474"]
[Annotator "TA"]
[PlyCount "92"]
[EventDate "2020.11.13"]
[EventType "tourn"]
[EventCountry "TUR"]
[SourceTitle "playchess.com"]
[Source "ChessBase"]
[SourceQuality "1"]

{[%evp 9,92,-29,0,-8,0,0,0,13,0,6,11,-5,20,20,35,0,23,-16,-17,-22,-35,-36,-26,-31,-12,-40,-17,-27,0,-33,-19,-53,-40,-85,-75,-76,-72,-104,-102,-106,-28,-61,-68,-75,-65,-62,0,0,0,0,95,0,0,0,0,-136,-164,-288,-329,-283,-134,-306,-308,-708,-84,-718,-716,-710,-712,-677,-661,-29992,-745,-731,-725,-717,-717,-710,-678,-688,-542,-586,-401,-782,-739]} 1. Nf3 d5 2. g3 Nf6 3. Bg2 c5 4. O-O Nc6 5. d3 g6 6. c4 {A08: King's Indian Attack.} Bg7 7. cxd5 Nxd5 {[#]} 8. Nc3 $1 {[%mdl 512] The position is equal.} Nxc3 9. bxc3 O-O 10. Be3 Bxc3 11. Rc1 Qa5 12. Nd2 {[#] Nc4 is the strong threat.} Bd4 $146 ({Predecessor:} 12... Be6 13. Ne4 Bb2 14. Rc2 Bd4 15. Nxc5 Bxe3 16. Nxb7 Qe5 17. Rxc6 Bb6 18. e3 Bxa2 {1-0 (29) Anastasian,A (2495)-Shirov,A (2495) Frunze 1989}) 13. Bxc6 bxc6 14. Nc4 Qd8 ({Avoid the trap} 14... Qxa2 $2 15. Bxd4 Qa6 16. Bxc5 $18) 15. Qd2 $1 Bh3 {White must now prevent ...Qd5.} 16. Rfd1 Qd5 $36 {[%csl Gh3][%cal Rd5g2][%mdl 2048] Black has some pressure.} 17. f3 Rab8 18. Bf2 Be6 19. Rc2 Qh5 {aiming for ...Bxf2+.} 20. Ne3 Rb6 21. h4 Qe5 22. Ng2 Rfb8 ({Don't do} 22... Qxg3 23. e3 $17) 23. e3 Bb2 24. d4 Qf5 (24... Qf6 $17 25. dxc5 R6b7) 25. dxc5 R6b7 $1 26. Nf4 Bxa2 27. e4 Qf6 (27... Qc8 $1 $15) 28. Qa5 $11 e5 29. Rd6 Qe7 (29... Be6 $11 30. Nxe6 fxe6) 30. Qxa2 (30. Nxg6 $1 $16 fxg6 31. Qxa2+ Qf7 32. Qxf7+ Rxf7 33. Rxc6) 30... exf4 31. gxf4 Bf6 32. e5 (32. Kg2 $11) 32... Bxh4 $17 33. Bd4 (33. Kg2 $142) 33... Bg3 $19 34. Rf6 Rb4 (34... Qd7 $19 35. Kg2 Bh4) 35. Rd2 $2 (35. Kg2 $17) 35... Bh4 36. Rxc6 $2 (36. Rd6 Rb1+ 37. Kg2) 36... Be1 $2 (36... Qd7 $19 {and Black stays clearly on top.} 37. Rxg6+ hxg6) 37. Rd1 $2 {[%mdl 8192]} (37. e6 $17 Bxd2 38. Qxd2) 37... Qh4 {( -> ...Rb2!)} 38. Qh2 {[#]} Rxd4 $1 {[%mdl 512]} 39. Qxh4 (39. Rxd4 Bf2+) 39... Rxd1 40. Qg4 {Strongly threatening Rc8+.} Bh4+ (40... Rb2 $142 41. Rc8+ Kg7 42. Rg8+ {[%mdl 64] Decoy} Kxg8 43. Qc8+ Kg7 44. Qd7 Rxd7 45. f5 gxf5 46. Kf1 Bc3 47. Kg1 Rd1#) 41. Kh2 Rb2+ 42. Qg2 Rxg2+ 43. Kxg2 Rd4 44. Rc8+ Kg7 45. c6 Rxf4 46. c7 (46. Rc7 $142 Kf8 47. Rxa7) 46... Rc4 {Weighted Error Value: White=0.62/Black=0.48} 0-1

[Event "Turkish Championship 2020"]
[Site "Kemer-Antalya"]
[Date "2020.11.15"]
[Round "3.5"]
[White "Sevgi, Volkan"]
[Black "Tarlabasi, Emirhan"]
[Result "1/2-1/2"]
[WhiteElo "2359"]
[BlackElo "2275"]
[Annotator "TA"]
[PlyCount "60"]
[EventDate "2020.11.13"]
[EventType "tourn"]
[EventCountry "TUR"]
[SourceTitle "playchess.com"]
[Source "ChessBase"]
[SourceQuality "1"]

{[%evp 11,60,-45,-40,-33,-38,-41,-45,-50,-39,-35,-31,-31,-44,-51,-46,-38,-27,-23,-20,-50,-6,-52,-16,-22,0,0,0,0,0,0,0,0,0,0,0,0,0,0,0,0,0,0,0,0,0,0,0,0,0,0,0]} 1. e4 e6 2. d4 d5 3. Nd2 c5 4. Ngf3 Nc6 5. Bb5 a6 6. exd5 axb5 7. dxc6 {C07: French Tarrasch: 3...c5, 4 Ngf3 and 4 exd5 Qxd5.} bxc6 8. dxc5 Bxc5 9. O-O {Black is slightly better.} Nf6 10. Nb3 Bd6 11. Bg5 O-O 12. Qe2 Qc7 {[#]} 13. Bxf6 $146 ({Predecessor:} 13. Rfd1 Nd5 14. c4 bxc4 15. Qxc4 Ba6 16. Qc2 c5 17. Bh4 Nb4 18. Qd2 Nd3 19. Bg3 Bxg3 20. hxg3 {½-½ (40) Illescas Cordoba,M (2530)-Gulko,B (2610) Linares 1990}) 13... gxf6 14. c4 e5 15. Nh4 Qe7 16. Qh5 Kh8 17. Rfe1 {The position is equal.} Be6 18. Nf5 Qd7 19. Rad1 Bxf5 20. c5 Bg4 ({Not} 20... Rxa2 $2 21. Rxd6 Bg4 22. Qh4 $18) 21. Qh6 Bxd1 22. Qxf6+ {[%mdl 64] [#] Double Attack} Kg8 23. Qg5+ Kh8 24. Qf6+ {[%mdl 64] Double Attack} Kg8 25. Qg5+ Kh8 26. Qf6+ {[%mdl 64] [#] Double Attack} Kg8 27. Qg5+ Kh8 28. Qf6+ {[%mdl 64] Double Attack} Kg8 29. Qg5+ Kh8 30. Qf6+ {[%mdl 64] Double Attack} Kg8 {Weighted Error Value: White=0.05/Black=0.08} 1/2-1/2

[Event "Turkish Championship 2020"]
[Site "Kemer-Antalya"]
[Date "2020.11.16"]
[Round "4.1"]
[White "Atalik, Ekaterina"]
[Black "Tarlabasi, Emirhan"]
[Result "1/2-1/2"]
[WhiteElo "2450"]
[BlackElo "2275"]
[Annotator "TA"]
[PlyCount "109"]
[EventDate "2020.11.13"]
[EventType "tourn"]
[EventCountry "TUR"]
[SourceTitle "playchess.com"]
[Source "ChessBase"]
[SourceQuality "1"]

{[%evp 22,109,2,8,27,-12,15,14,14,17,5,17,18,-8,14,0,0,0,15,9,14,0,20,25,24,25,60,25,46,0,15,0,60,67,60,59,43,6,3,12,26,0,0,-8,-8,-8,-8,-8,0,-27,0,0,0,-7,-5,-5,-4,-4,0,-11,-7,-7,0,-7,-7,-34,0,0,0,-3,-3,-2,-2,0,0,-8,0,0,0,0,0,-8,-8,-8,-8,-8,-8,-8,-8,-14]} 1. d4 d5 2. c4 e6 3. Nc3 c5 4. e3 Nf6 5. Nf3 Nc6 6. a3 dxc4 7. Bxc4 cxd4 8. exd4 Be7 9. O-O O-O 10. Bg5 a6 11. Qd3 b5 12. Ba2 b4 {E57: Nimzo-Indian: Rubinstein: Main Line: 7...Nc6 8 a3 dxc4 9 Bxc4 cxd4.} 13. Na4 Qa5 14. Bb1 {[#] Threatens to win with Bxf6.} Qxa4 $146 ({Predecessor:} 14... g6 15. Nc5 Rd8 16. Rc1 Nd5 17. Qe4 Qb6 18. Bd3 Qa7 19. Qh4 f6 20. Bd2 {1-0 (63) Palmason,G-Minev,N Reykjavik 1957}) 15. Bxf6 {[%csl Gb1][%cal Rd3h7]} g6 16. Bxe7 Nxe7 17. Bc2 Qa5 18. Qd2 $36 {[%mdl 2048] White is pushing.} Rb8 19. Rfe1 Kg7 20. Ne5 f6 21. Nd3 Qb6 22. Nc5 Rd8 {[#] Hoping for ...Qxc5!} 23. Qe3 {[%cal Rc5e6]} Nd5 24. Qg3 Qd6 25. Qh4 Rb6 26. Bb3 Qf4 ({Black should try} 26... bxa3 $11 27. bxa3 Qf4 28. Qxf4 Nxf4) 27. Qxf4 $14 Nxf4 28. g3 Nd5 29. Rac1 bxa3 30. bxa3 Kf7 31. Re2 (31. Bxd5 $5 exd5 32. Na4 $14) 31... g5 32. Rec2 Ne7 33. Rd2 Rbd6 34. Rcd1 Nd5 35. Bc4 Nb6 (35... Nc3 $5 {[%cal Rc3d1]} 36. Rc1 Nb5 $11 {[%mdl 64] Double Attack}) 36. Ba2 ({Reject} 36. Bxa6 Bxa6 37. Nxa6 Nc4 $17) 36... Nd5 37. Rd3 h6 38. Rc1 Ne7 39. Rcd1 Nd5 40. Rf3 g4 41. Rfd3 h5 42. R1d2 Ne7 43. Bb3 Rb6 44. h3 {The position is equal.} Rbd6 45. hxg4 hxg4 46. Bd1 Nc6 47. Bxg4 Nxd4 48. Nb3 {[%cal Rb3d4]} Nf3+ 49. Rxf3 {aiming for Rxd6.} Rxd2 50. Nxd2 Rxd2 $11 {KRB-KRB} 51. Rc3 Bd7 52. Rc7 Kg6 53. Kf1 Bb5+ 54. Ke1 Ra2 55. Rc3 {Weighted Error Value: White=0.08/Black=0.09} 1/2-1/2

[Event "Turkish Championship 2020"]
[Site "Kemer-Antalya"]
[Date "2020.11.16"]
[Round "4.2"]
[White "Firat, Burak"]
[Black "Sevgi, Volkan"]
[Result "1-0"]
[WhiteElo "2474"]
[BlackElo "2359"]
[Annotator "TA"]
[PlyCount "103"]
[EventDate "2020.11.13"]
[EventType "tourn"]
[EventCountry "TUR"]
[SourceTitle "playchess.com"]
[Source "ChessBase"]
[SourceQuality "1"]

{[%evp 19,103,9,0,0,6,6,16,25,47,6,0,0,7,3,59,0,10,4,17,-21,-14,-43,-33,-71,-40,-120,-13,-32,1,0,0,-159,0,0,0,-39,-46,-156,-156,-145,-142,-120,-37,-522,53,39,61,-264,-62,-225,-201,-206,-190,-155,-118,-145,-119,-148,0,0,0,0,44,40,94,97,207,204,281,280,278,266,261,274,243,37,129,65,192,185,447,388,614,593,2097,2064]} 1. e4 c5 2. Nf3 Nc6 3. Bb5 g6 4. O-O Bg7 5. c3 Nf6 6. Re1 O-O 7. d4 cxd4 8. cxd4 d5 9. e5 Ne4 10. Bxc6 bxc6 11. Be3 {B31: Sicilian: 2...Nc6 3 Bb5 g6.} Rb8 12. Qc1 {[#]} f6 $146 ({Predecessor:} 12... Qb6 13. b3 f6 14. Nc3 Nxc3 15. Qxc3 Bg4 16. exf6 exf6 17. Bf4 Rbc8 18. Bd6 Rfe8 19. Rxe8+ Rxe8 {½-½ (51) Petrov,N (2586)-Halkias,S (2530) Arco 2019}) 13. Nc3 {The position is equal.} g5 14. Nxe4 dxe4 15. Nd2 Qd5 $1 16. Qc2 Bf5 (16... fxe5 $11 17. dxe5 Ba6) 17. Rac1 (17. b3 $14) 17... Qxa2 18. Ra1 Qd5 (18... Qxb2 $2 19. Qc4+ e6 20. Reb1 $18) 19. Nc4 Be6 20. b3 Qd7 21. Ra3 Bd5 22. Nd2 (22. Rea1 $15) 22... f5 (22... fxe5 $6 23. dxe5 Qe6 24. Nc4 $15) (22... Qg4 $1 $17 23. Qd1 Qxd1 24. Rxd1 Rb7) 23. Bxg5 $11 f4 24. Nxe4 f3 {And now ...Qg4! would win.} 25. Bh4 $2 (25. e6 $11 Qe8 26. Ng3 (26. Rxa7 $2 Qg6 $19)) 25... Qg4 $2 (25... Rf4 $1 $17 {[%cal Rf4h4]} 26. Nc5 (26. Bg3 $2 Rxe4 27. Rxe4 Qf5 $19 {[%mdl 64] Pin}) 26... Qg4) 26. Bg3 h5 27. h3 (27. h4 $5 {[%cal Ra3a7]}) 27... Qg6 $40 {[%mdl 128] ...h4! is the strong threat. Black has some attack.} (27... Qf5 $6 28. Qb1 $11) 28. h4 {[#]} ({White must play} 28. Qb1 $1 $15 Rf5 29. h4) 28... Rf4 $1 $17 {[%cal Rf4e4][%mdl 512]} 29. gxf3 (29. Bxf4 Qxg2#) 29... Rxf3 {Strongly threatening ...Rf4.} 30. Re2 Qg4 (30... Rbxb3 $6 31. Nf6+ $1 {[%mdl 512]} Kf7 32. Qxg6+ Kxg6 33. Nxd5 $1 $11 {[%mdl 512]}) ({Better is} 30... Kh8 $1 $17 31. Kh2 (31. Rxa7 Rfxb3 32. Kh2 Rb2 $19) 31... Rfxb3 32. Rxb3 Rxb3) 31. Rxa7 $2 {[%mdl 8192]} (31. Kh2 $1 $15) 31... Rf4 $2 (31... Rfxb3 $19 32. Re1 Rb2) 32. Ng5 $14 Rf5 {Threatens to win with ...Rxg5.} 33. Kf1 $2 {[%mdl 8192]} (33. Rxe7 $2 Rxg5 34. Rd7 Qxd7 $19) (33. Re4 $1 $14 {keeps the upper hand.} Bxe4 34. Nxe4) 33... Rbf8 $2 (33... Bh6 $19 34. Re3 (34. Rxe7 $2 Bxg5 35. hxg5 h4 $19) 34... Bxg5 35. hxg5 h4) 34. Qd3 $2 (34. Ke1 $1 $15) 34... Rxg5 $19 (34... Bh6 35. Re4 $15) 35. hxg5 {White wants to play Ke1.} h4 36. Re3 ({Wrong is} 36. Rxe7 $2 hxg3 37. Rxg7+ Kxg7 $19) 36... hxg3 ({Of course not} 36... Qxg5 $6 37. Ke1 $11) 37. Rxg3 Qf4 {[%csl Gf8][%cal Rf4f2]} 38. Qe3 {Black should prevent Qxf4.} Qxe3 (38... Qf5 $17 39. Ra5 (39. Rxe7 $2 Ra8 $19) 39... e6) 39. Rxe3 $11 Kf7 40. Rh3 Ke6 41. g6 Be4 (41... Rb8 $14) 42. Rc7 $16 Ra8 (42... Rd8 $16 {is a better defense.}) 43. Ke2 $1 $18 Rb8 44. Rh7 Bf8 {intending ...Kd5.} 45. Rh8 {Hoping for g7!} Bxg6 46. Rxc6+ Kf7 {[#]} 47. Rc3 $2 (47. Rh4 $1 $18 {[%cal Rh4f4] aiming for Rf4+.} Bb1 48. Rf4+ Kg8 49. Rc1) 47... Be4 {[#]} (47... Bf5 $1 $14) 48. f4 ({White should play} 48. Rh4 $1 $16 {[%cal Rh4e4]} Bf5 49. d5) 48... Bd5 ({Black should try} 48... Bf5 $14) 49. f5 Ra8 $2 (49... Rxb3 {was called for.} 50. Rxb3 Bxb3) 50. Rg3 Ra2+ (50... e6 $142 51. Rh7+ Ke8) 51. Ke3 Ra1 52. e6+ {Quite a comeback for White.  Weighted Error Value: White=0.45/Black=0.62} 1-0

[Event "Turkish Championship 2020"]
[Site "Kemer-Antalya"]
[Date "2020.11.16"]
[Round "4.3"]
[White "Ozen, Deniz"]
[Black "Gokerkan, Cem Kaan"]
[Result "1/2-1/2"]
[WhiteElo "2412"]
[BlackElo "2461"]
[Annotator "TA"]
[PlyCount "36"]
[EventDate "2020.11.13"]
[EventType "tourn"]
[EventCountry "TUR"]
[SourceTitle "playchess.com"]
[Source "ChessBase"]
[SourceQuality "1"]

{[%evp 10,36,28,14,19,30,36,29,30,22,27,12,17,27,16,16,30,34,37,27,30,25,41,19,29,0,37,0,36]} 1. e4 c5 2. Nf3 Nc6 3. Bb5 g6 4. Bxc6 dxc6 5. d3 Bg7 6. h3 Qc7 {B31: Sicilian: 2...Nc6 3 Bb5 g6.} 7. O-O {now supersedes 7.Nc3.} e5 8. a3 Nf6 {White has an edge.} 9. Nbd2 {[#]} O-O $146 ({Predecessor:} 9... Be6 10. b4 cxb4 11. axb4 h6 12. Bb2 Nd7 13. Ra3 O-O 14. Qa1 c5 15. b5 b6 {1-0 (37) Kusa,J (2233)-Muetsch,A (2226) Uppsala 2020}) 10. b4 Nd7 11. Nb3 cxb4 12. axb4 Re8 13. Be3 b6 14. Qd2 Nf8 15. Bh6 Bf6 16. Bg5 Bg7 17. Bh6 Bf6 18. Bg5 Bg7 {Weighted Error Value: White=0.10/Black=0.04} 1/2-1/2